000
00255nam a22001097a 4500
008
170112b xxu||||| |||| 00| 0 eng d
020
_a
9780763713195
041
_a
eng
080
_2
4TH
_a
618.2
245
_a
FIRST AID AND CPR
_c
THYGERSON, A
942
_2
udc
_c
BK
999
_c
2793
_d
2793